LEADER 01248nam0-22003851i-450- 001 990001329100403321 010 $a0-8247-9217-3 035 $a000132910 035 $aFED01000132910 035 $a(Aleph)000132910FED01 035 $a000132910 100 $a20000920d1994----km-y0itay50------ba 101 0 $aeng 200 1 $aAnalysis, algebra, and computers in mathematical research$eProceedings of the twenty-first Nordic Congress of mathematicians$fEdited by M. Gyllenberg, L. E. Persson. 210 $aNew York$cMarcel Dekker$dc1994. 215 $aix, 408 p.$d24 cm 225 1 $aLecture notes in pure and applied mathematics$v156 610 0 $aAnalisi matematica$aCongressi 610 0 $aAlgebra$aCongressi 610 0 $aProcessi stocastici$aCongressi 676 $a510 702 1$aGyllenberg,$bM. 702 1$aLulea (s),$b1992 702 1$aNordic Congress of Mathematicians Lulea,$bSweden 1992 702 1$aPersson,$bL.E. 801 0$aIT$bUNINA$gRICA$2UNIMARC 901 $aBK 912 $a990001329100403321 952 $aC-7-(156$b12357$fMA1 959 $aMA1 962 $a00B15 962 $a08-XX 996 $aAnalysis, algebra, and computers in mathematical research$9376368 997 $aUNINA DB $aING01 LEADER 00849nam0-2200289 --450 001 9910619699303321 005 20221107130133.0 010 $a978-88-317-1553-9 020 $aIT$b2013-434 100 $a20221107d2013----kmuy0itay5050 ba 101 0 $aita 102 $aIT 105 $a 001yy 200 1 $aFederalismo all'italiana$edietro le quinte della grande incompiuta$equello che ogni cittadino dovrebbe sapere$fLuca Antonini 210 $aVenezia$cMarsilio$d2013 215 $a207 p.$d22 cm 225 1 $aTempi 610 0 $aFederalismo fiscale$aItalia 676 $a321.020945$v20 700 1$aAntonini,$bLuca$0237555 801 0$aIT$bUNINA$gREICAT$2UNIMARC 901 $aBK 912 $a9910619699303321 952 $aXIII A 192$b844 cos$fDDCIC 959 $aDDCIC 996 $aFederalismo all'italiana$92960548 997 $aUNINA